<?xml version="1.0" encoding="UTF-8"?><?xml-stylesheet type="text/xsl" href="static/style.xsl"?><OAI-PMH xmlns="http://www.openarchives.org/OAI/2.0/" xmlns:xsi="http://www.w3.org/2001/XMLSchema-instance" xsi:schemaLocation="http://www.openarchives.org/OAI/2.0/ http://www.openarchives.org/OAI/2.0/OAI-PMH.xsd"><responseDate>2026-04-13T08:33:50Z</responseDate><request verb="GetRecord" identifier="oai:www.recercat.cat:2117/413414" metadataPrefix="marc">https://recercat.cat/oai/request</request><GetRecord><record><header><identifier>oai:recercat.cat:2117/413414</identifier><datestamp>2025-07-22T21:59:14Z</datestamp><setSpec>com_2072_1033</setSpec><setSpec>col_2072_452951</setSpec></header><metadata><record xmlns="http://www.loc.gov/MARC21/slim" xmlns:dcterms="http://purl.org/dc/terms/" xmlns:xsi="http://www.w3.org/2001/XMLSchema-instance" xmlns:doc="http://www.lyncode.com/xoai" xsi:schemaLocation="http://www.loc.gov/MARC21/slim http://www.loc.gov/standards/marcxml/schema/MARC21slim.xsd">
   <leader>00925njm 22002777a 4500</leader>
   <datafield ind2=" " ind1=" " tag="042">
      <subfield code="a">dc</subfield>
   </datafield>
   <datafield ind2=" " ind1=" " tag="720">
      <subfield code="a">Raventós Barata, Maria</subfield>
      <subfield code="e">author</subfield>
   </datafield>
   <datafield ind2=" " ind1=" " tag="260">
      <subfield code="c">2024-07-09</subfield>
   </datafield>
   <datafield ind2=" " ind1=" " tag="520">
      <subfield code="a">Aquest treball descriu un projecte dut a terme per Maria Raventós Barata, estudiant d'Enginyeria Industrial a l'Escola Tècnica Superior d'Enginyeria Industrial de Barcelona (ETSEIB), durant les seves pràctiques a la consultoria analítica d'InOrbis Analytics, en col·laboració amb l'empresa Eventos Catalunya. Aquesta entitat, líder en l'organització d'esdeveniments, emmagatzemava grans quantitats de dades que eren tractades de manera ineficaç. A causa d'aquesta situació, l'empresa buscava millorar les seves capacitats analítiques per obtenir una visió clara i precisa del seu negoci, cosa que requeria un estudi analític exhaustiu. Per aquest motiu, van contractar InOrbis Analytics perquè, juntament amb l'estudiant i un gestor de projectes, dissenyessin un sistema de Business Intelligence renovat i millorat. L'objectiu principal del projecte era potenciar les capacitats analítiques d'Eventos Catalunya mitjançant la implementació d'un procés de recollida, transformació i càrrega de dades (ETL) en un magatzem de dades. Posteriorment, es van utilitzar eines com Power BI per analitzar la informació de manera efectiva. Aquest treball detalla totes les etapes del projecte, des de la recopilació de dades dels diferents orígens fins a l'anàlisi final, destacant els resultats obtinguts i els beneficis específics per a l'empresa en termes de presa de decisions estratègiques.</subfield>
   </datafield>
   <datafield tag="653" ind2=" " ind1=" ">
      <subfield code="a">Àrees temàtiques de la UPC::Informàtica::Sistemes d'informació::Emmagatzematge i recuperació de la informació</subfield>
   </datafield>
   <datafield tag="653" ind2=" " ind1=" ">
      <subfield code="a">Computer systems</subfield>
   </datafield>
   <datafield tag="653" ind2=" " ind1=" ">
      <subfield code="a">Sistemes informàtics</subfield>
   </datafield>
   <datafield ind2="0" ind1="0" tag="245">
      <subfield code="a">Desarrollo de un entorno analítico con el uso de power BI</subfield>
   </datafield>
</record></metadata></record></GetRecord></OAI-PMH>